[Event "Kobe op"]
[Site "Kobe"]
[Date "2023.07.16"]
[Round "5"]
[White "Averbukh, Alex"]
[Black "Tran, Thanh Tu"]
[Result "0-1"]
[WhiteElo "2166"]
[BlackElo "2420"]
[PlyCount "106"]
[EventDate "2023.07.14"]
[EventType "swiss"]
[EventRounds "7"]
[EventCountry "JPN"]
[SourceTitle "CBM 215 Extra"]
[Source "ChessBase"]
[SourceDate "2023.09.30"]
[SourceVersion "1"]
[SourceVersionDate "2023.09.30"]
[SourceQuality "1"]

1. e4 e6 2. d4 d5 3. e5 c5 4. c3 Nc6 5. Nf3 Qb6 6. Bd3 cxd4 7. 0-0 Bd7 8. Qe2 a6 9. Nbd2 Rc8 10. Nb3 Bc5 11. Nxc5 Qxc5 12. Nxd4 Nxd4 13. Qg4 Ne7 14. cxd4 Qb6 15. Rd1 Ng6 16. Bxg6 fxg6 17. b3 Qb4 18. Bd2 Qa3 19. Bc1 Qb4 20. Bd2 Qb5 21. Bc1 0-0 22. Ba3 Rfe8 23. Bd6 Rc2 24. Re1 Qa5 25. a4 Qc3 26. Rab1 Rb2 27. h4 Qxb3 28. Rbc1 Rc2 29. Rxc2 Qxc2 30. a5 Qd2 31. Re3 Qxa5 32. Rf3 Qd2 33. Rf4 Qd3 34. Rf3 Qe4 35. Rf4 h5 36. Qg3 Qb1+ 37. Kh2 Bb5 38. Qf3 Qd3 39. Rf8+ Rxf8 40. Qxf8+ Kh7 41. Be7 Qxd4 42. Bf6 Qf4+ 43. Kg1 Qc1+ 44. Kh2 Qc7 45. g3 d4 46. Bg5 Qxe5 47. Qf4 Qxf4 48. Bxf4 a5 49. f3 a4 50. Be5 d3 51. Bc3 a3 52. Kg1 a2 53. Kf2 d2 0-1

[Event "Olympiad-44"]
[Site "Chennai"]
[Date "2022.08.03"]
[Round "6.3"]
[White "Vazquez, Facundo"]
[Black "Averbukh, Alex"]
[Result "1-0"]
[WhiteElo "2336"]
[BlackElo "2155"]
[PlyCount "135"]
[EventDate "2022.07.29"]
[EventType "team-swiss"]
[EventRounds "11"]
[EventCountry "IND"]
[SourceTitle "CBM 210"]
[Source "ChessBase"]
[SourceDate "2022.10.31"]
[SourceVersion "1"]
[SourceVersionDate "2022.10.31"]
[SourceQuality "1"]
[WhiteTeam "Uruguay"]
[BlackTeam "Japan"]
[WhiteTeamCountry "URU"]
[BlackTeamCountry "JPN"]

1. d4 Nf6 2. c4 e5 3. dxe5 Ng4 4. e3 Nxe5 5. f4 Nec6 6. Ne2 d6 7. Ng3 g6 8. Bd2 h5 9. Bc3 Rg8 10. Bd3 Nd7 11. Nd2 Nc5 12. Nde4 Nxd3+ 13. Qxd3 Be7 14. 0-0-0 f5 15. Nd2 h4 16. Ne2 Be6 17. Nd4 Qd7 18. Nxe6 Qxe6 19. Qd5 Kd7 20. Qxe6+ Kxe6 21. Nf3 Rae8 22. g3 g5 23. gxh4 gxh4 24. Be1 Rg2 25. Bxh4 Na5 26. Bxe7 Rxe7 27. Rd2 Rxd2 28. Nxd2 Kf6 29. Re1 Nc6 30. Nf3 Nb4 31. Kd2 Nxa2 32. Ra1 Nb4 33. Rxa7 c5 34. Ra8 Rg7 35. Ng5 Rd7 36. h4 Nc6 37. Rh8 Rd8 38. Rh6+ Kg7 39. Rh7+ Kg8 40. Rxb7 Na5 41. Rb5 Nxc4+ 42. Kd3 d5 43. b3 Nd6 44. Rxc5 Rb8 45. Kc2 Rb5 46. Rxb5 Nxb5 47. Kd3 Kg7 48. Ne6+ Kg6 49. Nd4 Nd6 50. b4 Kh5 51. b5 Kxh4 52. b6 Kg4 53. Nb5 Nb7 54. Kd4 Kf3 55. Nc3 Na5 56. Nxd5 Nc6+ 57. Kd3 Na5 58. Ne7 Kg4 59. Kd4 Nb7 60. Kd5 Na5 61. Ke6 Nb7 62. Kd7 Kf3 63. Kc7 Nc5 64. Nxf5 Ke4 65. b7 Kxf5 66. b8Q Na6+ 67. Kb7 Nxb8 68. Kxb8 1-0

[Event "Olympiad-44"]
[Site "Chennai"]
[Date "2022.08.02"]
[Round "5.2"]
[White "Blijstra, Wim"]
[Black "Averbukh, Alex"]
[Result "0-1"]
[WhiteElo "2198"]
[BlackElo "2155"]
[PlyCount "56"]
[EventDate "2022.07.29"]
[EventType "team-swiss"]
[EventRounds "11"]
[EventCountry "IND"]
[SourceTitle "CBM 210"]
[Source "ChessBase"]
[SourceDate "2022.10.31"]
[SourceVersion "1"]
[SourceVersionDate "2022.10.31"]
[SourceQuality "1"]
[WhiteTeam "Netherlands Antilles"]
[BlackTeam "Japan"]
[WhiteTeamCountry "AHO"]
[BlackTeamCountry "JPN"]

1. d4 Nf6 2. c4 e5 3. dxe5 Ng4 4. Bf4 Nc6 5. Nf3 Bb4+ 6. Nc3 Qe7 7. e3 Bxc3+ 8. bxc3 Ngxe5 9. Be2 d6 10. Nxe5 Nxe5 11. 0-0 Bd7 12. c5 dxc5 13. Qd5 Nc6 14. Bxc7 Be6 15. Qd6 Rc8 16. Qxe7+ Kxe7 17. Bg3 Rhd8 18. Rfd1 Na5 19. Rxd8 Rxd8 20. a3 Rd2 21. Kf1 Bc4 22. Bxc4 Nxc4 23. a4 Kd7 24. a5 Kc6 25. a6 b5 26. Ke1 Kb6 27. Bb8 Rd7 28. Ke2 Na5 0-1

[Event "Olympiad-44"]
[Site "Chennai"]
[Date "2022.07.31"]
[Round "3.3"]
[White "Averbukh, Alex"]
[Black "Alzamil, Abdulaziz"]
[Result "1-0"]
[WhiteElo "2155"]
[BlackElo "1871"]
[PlyCount "69"]
[EventDate "2022.07.29"]
[EventType "team-swiss"]
[EventRounds "11"]
[EventCountry "IND"]
[SourceTitle "CBM 210"]
[Source "ChessBase"]
[SourceDate "2022.10.31"]
[SourceVersion "1"]
[SourceVersionDate "2022.10.31"]
[SourceQuality "1"]
[WhiteTeam "Japan"]
[BlackTeam "Saudi Arabia"]
[WhiteTeamCountry "JPN"]
[BlackTeamCountry "SAU"]

1. e4 d6 2. d4 Nf6 3. Nc3 e5 4. Nge2 Be7 5. g3 c6 6. Bg2 0-0 7. 0-0 Re8 8. h3 Nbd7 9. a4 a5 10. g4 Nf8 11. f4 exf4 12. Bxf4 Qb6 13. Qd3 Ng6 14. Be3 Qa6 15. Qd2 Be6 16. Ng3 Bc4 17. Rf2 Nh4 18. Bh1 Ng6 19. g5 Nd7 20. b3 Be6 21. Bg2 d5 22. exd5 cxd5 23. Nxd5 Bd6 24. Nf4 Rac8 25. c4 Bb4 26. Qd3 Ndf8 27. Raf1 Qd6 28. Ne4 Qd7 29. Nh5 Kh8 30. Bc1 Ne5 31. Qg3 Nxc4 32. bxc4 Bxc4 33. Bb2 Bxf1 34. d5 Kg8 35. Nef6+ 1-0

[Event "Olympiad-44"]
[Site "Chennai"]
[Date "2022.07.30"]
[Round "2.3"]
[White "Pultinevicius, Paulius"]
[Black "Averbukh, Alex"]
[Result "1-0"]
[WhiteElo "2539"]
[BlackElo "2155"]
[PlyCount "133"]
[EventDate "2022.07.29"]
[EventType "team-swiss"]
[EventRounds "11"]
[EventCountry "IND"]
[SourceTitle "CBM 210"]
[Source "ChessBase"]
[SourceDate "2022.10.31"]
[SourceVersion "1"]
[SourceVersionDate "2022.10.31"]
[SourceQuality "1"]
[WhiteTeam "Lithuania"]
[BlackTeam "Japan"]
[WhiteTeamCountry "LTU"]
[BlackTeamCountry "JPN"]

1. d4 Nf6 2. c4 c5 3. d5 b5 4. cxb5 a6 5. e3 g6 6. Nc3 d6 7. a4 Bg7 8. Bc4 0-0 9. Nge2 axb5 10. Bxb5 Bb7 11. 0-0 Na6 12. e4 Nc7 13. Bg5 Nxb5 14. axb5 Rxa1 15. Qxa1 Qb6 16. Qc1 Bc8 17. Ng3 Bd7 18. h3 Rb8 19. Re1 Bxb5 20. Bh6 Nd7 21. Bxg7 Kxg7 22. Nd1 f6 23. Ne3 Ne5 24. Qc3 Ba6 25. Ra1 Bc8 26. f4 Nf7 27. Nc4 Qb4 28. Ra7 Qxc3 29. bxc3 Rb7 30. Ra3 Bd7 31. Kf2 h5 32. Nf1 g5 33. fxg5 Nxg5 34. Nfd2 Bb5 35. Ne3 Bd3 36. Nf5+ Kf7 37. Ke3 Bb5 38. h4 Nh7 39. Rb3 Ba6 40. Rxb7 Bxb7 41. Nf1 Bc8 42. N1g3 Nf8 43. Nxh5 Ng6 44. Nhg3 Ne5 45. h5 Nc4+ 46. Kf4 e6 47. Ne3 Ne5 48. dxe6+ Kxe6 49. Ngf5 Bb7 50. Ng3 Nd3+ 51. Kg4 Ne5+ 52. Kh4 Nf7 53. Ng4 d5 54. exd5+ Bxd5 55. Ne3 Bb7 56. Ne2 Ke5 57. Ng4+ Kf5 58. Nc1 Ke6 59. Nd3 c4 60. Nc5+ Kd5 61. Nxb7 Kc6 62. Na5+ Kb5 63. Nxf6 Kxa5 64. g4 Ka4 65. g5 Kb3 66. g6 Nd6 67. Nd5 1-0

[Event "Tokyo-ch"]
[Site "Tokyo"]
[Date "2021.03.21"]
[Round "5"]
[White "Ambrona Castellanos, Miguel"]
[Black "Averbukh, Alex"]
[Result "1/2-1/2"]
[WhiteElo "2190"]
[BlackElo "2144"]
[PlyCount "94"]
[EventDate "2021.03.20"]
[EventType "swiss"]
[EventRounds "6"]
[EventCountry "JPN"]
[SourceTitle "EXT 2022"]
[Source "ChessBase"]
[SourceDate "2021.10.06"]
[SourceVersion "1"]
[SourceVersionDate "2021.10.06"]
[SourceQuality "1"]

1. e4 e5 2. Nf3 d5 3. Nxe5 Bd6 4. d4 dxe4 5. Nc3 Bxe5 6. dxe5 Qxd1+ 7. Nxd1 Nc6 8. Bb5 Bd7 9. Bxc6 Bxc6 10. Bg5 h6 11. Bh4 Ne7 12. Ne3 Ng6 13. Bg3 0-0-0 14. Rd1 Rxd1+ 15. Kxd1 h5 16. h4 Re8 17. Nf5 Bd7 18. Nxg7 Bg4+ 19. Kc1 Rg8 20. f3 exf3 21. gxf3 Bxf3 22. Rf1 Bg4 23. Rxf7 Nh8 24. Nf5 Nxf7 25. Ne7+ Kd7 26. Nxg8 Ke6 27. Nf6 Nxe5 28. Bxe5 Kxe5 29. Nxg4+ hxg4 30. Kd2 Kf4 31. Ke2 g3 32. h5 g2 33. Kf2 Kg5 34. Kxg2 Kxh5 35. Kf3 Kg5 36. Ke4 Kf6 37. Kd5 Ke7 38. a4 a6 39. a5 Kd7 40. Kc5 Kc8 41. b4 Kd7 42. c4 Ke6 43. b5 axb5 44. cxb5 Kd7 45. a6 bxa6 46. bxa6 Kc8 47. Kc6 Kb8 1/2-1/2

[Event "Tokyo-ch"]
[Site "Tokyo"]
[Date "2021.03.20"]
[Round "1"]
[White "Yamada, Yukihiro"]
[Black "Averbukh, Alex"]
[Result "0-1"]
[WhiteElo "1689"]
[BlackElo "2144"]
[PlyCount "50"]
[EventDate "2021.03.20"]
[EventType "swiss"]
[EventRounds "6"]
[EventCountry "JPN"]
[SourceTitle "EXT 2022"]
[Source "ChessBase"]
[SourceDate "2021.10.06"]
[SourceVersion "1"]
[SourceVersionDate "2021.10.06"]
[SourceQuality "1"]

1. e4 e5 2. Nf3 d5 3. exd5 Bd6 4. d4 e4 5. Ne5 Nf6 6. Bb5+ c6 7. dxc6 bxc6 8. Bc4 Bxe5 9. dxe5 Qxd1+ 10. Kxd1 Ng4 11. Ke1 Nxe5 12. Bb3 Bf5 13. Be3 Nbd7 14. Nd2 Nb6 15. h3 0-0 16. a4 Nd5 17. Bc5 Rfe8 18. Nc4 Nd7 19. Be3 Bg6 20. Rd1 Nxe3 21. fxe3 Nc5 22. Nd6 Reb8 23. Bc4 Rxb2 24. Rf1 Rxc2 25. Nxf7 Rxc4 0-1

[Event "JPN-ch"]
[Site "Tokyo"]
[Date "2020.11.02"]
[Round "5"]
[White "Shiomi, Ryo"]
[Black "Averbukh, Alex"]
[Result "0-1"]
[WhiteElo "2041"]
[BlackElo "2141"]
[PlyCount "48"]
[EventDate "2020.10.31"]
[EventType "swiss"]
[EventRounds "7"]
[EventCountry "JPN"]
[SourceTitle "CBM 199 Extra"]
[Source "ChessBase"]
[SourceDate "2021.01.31"]
[SourceVersion "1"]
[SourceVersionDate "2021.01.31"]
[SourceQuality "1"]

1. e4 e5 2. Nf3 Nc6 3. d4 exd4 4. Nxd4 Bb4+ 5. c3 Bc5 6. Nxc6 bxc6 7. Bd3 Ne7 8. 0-0 0-0 9. c4 d6 10. Nc3 Ng6 11. Qe2 Qf6 12. Kh1 Nf4 13. Qf3 Nxd3 14. Qxd3 Qd4 15. Qxd4 Bxd4 16. Bd2 f5 17. Rae1 Re8 18. b3 Bd7 19. Ne2 Bf6 20. Ng3 fxe4 21. Nxe4 Bd4 22. f3 d5 23. Ba5 dxe4 24. Rd1 c5 0-1

[Event "JPN-ch 52nd"]
[Site "Tokyo"]
[Date "2019.05.04"]
[Round "9"]
[White "Averbukh, Alex"]
[Black "Aoshima, Mirai"]
[Result "0-1"]
[WhiteElo "2128"]
[BlackElo "2313"]
[PlyCount "104"]
[EventDate "2019.04.29"]
[EventType "swiss"]
[EventRounds "10"]
[EventCountry "JPN"]
[SourceTitle "CBM 190 Extra"]
[Source "ChessBase"]
[SourceDate "2019.07.15"]
[SourceVersion "1"]
[SourceVersionDate "2019.07.15"]
[SourceQuality "1"]

1. e4 c5 2. Nf3 d6 3. d4 cxd4 4. Nxd4 Nf6 5. Nc3 Nc6 6. Bg5 e6 7. Qd2 Be7 8. 0-0-0 0-0 9. f4 h6 10. Bh4 Nxd4 11. Qxd4 Qa5 12. e5 dxe5 13. Qxe5 b5 14. f5 Ng4 15. Qg3 Bxh4 16. Qxh4 exf5 17. h3 Ne3 18. Rd3 b4 19. Rxe3 bxc3 20. Rxc3 Qxa2 21. Ra3 Qd5 22. Bc4 Qxg2 23. Re1 Qg5+ 24. Qxg5 hxg5 25. Bd5 Be6 26. Bxa8 Rxa8 27. Re5 Kh7 28. b4 Rb8 29. b5 Rb7 30. Rc5 Kg6 31. Kd2 f4 32. Ke1 Kh5 33. Kf2 Kh4 34. Rd3 Bxh3 35. Rd8 Be6 36. Rh8+ Kg4 37. Rh1 f6 38. Re1 Bf7 39. c4 Rd7 40. Rg1+ Kh5 41. Rh1+ Kg6 42. Kf3 Rd4 43. Rc1 Be6 44. Rc7 g4+ 45. Ke2 Kf5 46. Rc5+ Ke4 47. Re1 g3 48. Kf1+ Kf3 49. Rc7 Rd2 50. Rxa7 Bxc4+ 51. Kg1 Rg2+ 52. Kh1 Kf2 0-1

[Event "JPN-ch 52nd"]
[Site "Tokyo"]
[Date "2019.05.04"]
[Round "10"]
[White "Hirao, Satoshi"]
[Black "Averbukh, Alex"]
[Result "1-0"]
[WhiteElo "1921"]
[BlackElo "2128"]
[PlyCount "127"]
[EventDate "2019.04.29"]
[EventType "swiss"]
[EventRounds "10"]
[EventCountry "JPN"]
[SourceTitle "CBM 190 Extra"]
[Source "ChessBase"]
[SourceDate "2019.07.15"]
[SourceVersion "1"]
[SourceVersionDate "2019.07.15"]
[SourceQuality "1"]

1. e4 e5 2. Nf3 Nf6 3. d4 Nxe4 4. dxe5 d5 5. Bd3 Be7 6. 0-0 0-0 7. c4 Be6 8. Qc2 Nc6 9. Bxe4 dxe4 10. Qxe4 Qc8 11. Nc3 Re8 12. Nd5 Bf8 13. Bd2 Bg4 14. Bc3 Bxf3 15. Qxf3 Ne7 16. Rfe1 c6 17. Nf4 Nf5 18. Re4 b5 19. cxb5 cxb5 20. Nd5 Rd8 21. Rf4 Nh6 22. Re1 Qc5 23. Ne3 a5 24. a3 Ra6 25. h3 Qc7 26. Nc2 Be7 27. e6 Rxe6 28. Rxe6 fxe6 29. Nd4 e5 30. Ne6 Qd7 31. Nxd8 exf4 32. Nc6 Bf8 33. Nxa5 Nf7 34. Nb3 Ng5 35. Qg4 Qd5 36. Nd4 Bc5 37. Qxf4 Ne4 38. Qb8+ Kf7 39. Qf4+ Kg6 40. Qg4+ Kf7 41. Qf3+ Kg6 42. Qd3 Kh6 43. Bd2+ Kg6 44. Be3 Bxd4 45. Qxd4 Qc6 46. Qb6 Qxb6 47. Bxb6 Kf5 48. Kf1 Nd6 49. Ke2 Ke4 50. f3+ Kd5 51. Kd3 g6 52. b3 Nf5 53. Bf2 Ng7 54. a4 bxa4 55. bxa4 Ne6 56. Be3 Nc7 57. a5 Na6 58. Kc3 Nc7 59. Kb4 h5 60. h4 Kc6 61. Kc4 Nd5 62. Bg5 Nc7 63. Kd4 Kd7 64. Ke5 1-0

[Event "JPN-ch 52nd"]
[Site "Tokyo"]
[Date "2019.05.01"]
[Round "5"]
[White "Averbukh, Alex"]
[Black "Kobayashi, Atsuhiko"]
[Result "0-1"]
[WhiteElo "2128"]
[BlackElo "2080"]
[PlyCount "115"]
[EventDate "2019.04.29"]
[EventType "swiss"]
[EventRounds "10"]
[EventCountry "JPN"]
[SourceTitle "CBM 190 Extra"]
[Source "ChessBase"]
[SourceDate "2019.07.15"]
[SourceVersion "1"]
[SourceVersionDate "2019.07.15"]
[SourceQuality "1"]

1. e4 g6 2. d4 Bg7 3. f4 c5 4. c3 d5 5. e5 cxd4 6. cxd4 Nc6 7. Nc3 Nh6 8. Be2 0-0 9. Nf3 Bg4 10. Be3 e6 11. 0-0 Nf5 12. Bf2 Bh6 13. Qd2 f6 14. exf6 Qxf6 15. Rad1 Nd6 16. Ne5 Bxe2 17. Qxe2 Qf5 18. Ng4 Bg7 19. g3 Rfe8 20. Kg2 a6 21. h3 Qf8 22. Ne5 Qe7 23. h4 Rac8 24. h5 g5 25. Qg4 Nxe5 26. dxe5 Nf7 27. Be3 Rc4 28. Qe2 b5 29. Rd4 Rec8 30. Rf2 gxf4 31. gxf4 Nh6 32. Rxc4 Rxc4 33. Nd1 Qh4 34. Kg1 Ng4 35. Rg2 Nxe3 36. Nxe3 Rc1+ 37. Nf1 Qxf4 38. h6 Qxh6 39. Qg4 Qe3+ 40. Rf2 Qxe5 41. Kg2 Rc4 42. Qh3 Qe4+ 43. Kh2 Qh4 44. Qxh4 Rxh4+ 45. Kg3 Rh6 46. Rc2 Rg6+ 47. Kf3 Rf6+ 48. Kg2 e5 49. Ne3 d4 50. Nd5 Rd6 51. Ne7+ Kf8 52. Nf5 Rg6+ 53. Kf3 Kf7 54. Rc7+ Kf6 55. Nd6 Ke6 56. Ne8 Bh6 57. Rxh7 d3 58. Nc7+ 0-1

[Event "JPN-ch 52nd"]
[Site "Tokyo"]
[Date "2019.04.30"]
[Round "4"]
[White "Averbukh, Alex"]
[Black "Taga, Hiroto"]
[Result "1-0"]
[WhiteElo "2128"]
[BlackElo "1947"]
[PlyCount "165"]
[EventDate "2019.04.29"]
[EventType "swiss"]
[EventRounds "10"]
[EventCountry "JPN"]
[SourceTitle "CBM 190 Extra"]
[Source "ChessBase"]
[SourceDate "2019.07.15"]
[SourceVersion "1"]
[SourceVersionDate "2019.07.15"]
[SourceQuality "1"]

1. e4 c5 2. b3 g6 3. Bb2 Nf6 4. e5 Nd5 5. Qf3 e6 6. Nc3 Nxc3 7. Bxc3 Bg7 8. Qe3 Qc7 9. Nf3 b6 10. h4 Bb7 11. h5 Bxf3 12. h6 Bf8 13. Qxf3 Nc6 14. Bb5 a6 15. Bxc6 Qxc6 16. Qxc6 dxc6 17. Ke2 0-0-0 18. Rh3 Be7 19. Rf3 Rhf8 20. Rh1 Bg5 21. Rhh3 Rd7 22. Rfg3 Bd8 23. Rg4 Rd5 24. Rf3 Rd7 25. d3 Be7 26. Bd2 Rd5 27. Re4 Bd8 28. Bc3 Rd7 29. Bb2 Bg5 30. Rg4 Bd8 31. Ba3 Be7 32. Re3 Rfd8 33. Bb2 Kc7 34. f4 Bf8 35. Rh3 a5 36. Rgg3 b5 37. Bc3 Kb6 38. Re3 Re8 39. g4 b4 40. Bb2 a4 41. Re4 axb3 42. axb3 Ra8 43. Kd2 Re8 44. Re1 Ra7 45. Rf1 Be7 46. Rh2 Rea8 47. Ke3 Ra2 48. Rb1 Rd8 49. Ke4 Rg8 50. Bc1 Rd8 51. Be3 f6 52. exf6 Bxf6 53. Re1 Rd5 54. Ree2 Ra1 55. Bf2 Kc7 56. Bg3 Kd7 57. Kf3 Bd4 58. Be1 Ra8 59. Re4 Rf8 60. Rhe2 e5 61. Bd2 Rd6 62. Kg3 Rdf6 63. fxe5 Rf3+ 64. Kh4 g5+ 65. Kh5 Bf2 66. e6+ Ke8 67. Rxf2 Rxf2 68. Bxg5 Rh2+ 69. Bh4 Rf3 70. d4 Rfh3 71. g5 c4 72. bxc4 Rxc2 73. g6 hxg6+ 74. Kxg6 Rg2+ 75. Kh5 Rg8 76. d5 b3 77. d6 Rxh4+ 78. Kxh4 b2 79. Re1 Rg2 80. e7 Rd2 81. h7 Rh2+ 82. Kg3 b1Q 83. d7+ 1-0

[Event "JPN-ch 52nd"]
[Site "Tokyo"]
[Date "2019.04.29"]
[Round "1"]
[White "Averbukh, Alex"]
[Black "Mitsui, Ryoya"]
[Result "1-0"]
[WhiteElo "2128"]
[BlackElo "1793"]
[PlyCount "67"]
[EventDate "2019.04.29"]
[EventType "swiss"]
[EventRounds "10"]
[EventCountry "JPN"]
[SourceTitle "CBM 190 Extra"]
[Source "ChessBase"]
[SourceDate "2019.07.15"]
[SourceVersion "1"]
[SourceVersionDate "2019.07.15"]
[SourceQuality "1"]

1. e4 c5 2. Nf3 d6 3. d4 cxd4 4. Nxd4 Nf6 5. Nc3 a6 6. Qf3 g6 7. h3 Bg7 8. Be3 Nbd7 9. g4 Ne5 10. Qg2 Qc7 11. g5 Nfd7 12. Nd5 Qa5+ 13. Bd2 Qd8 14. Bc3 Nc6 15. 0-0-0 Nxd4 16. Bxd4 Bxd4 17. Rxd4 h6 18. gxh6 Rxh6 19. Be2 e5 20. Rd2 g5 21. Bg4 Nf8 22. Rhd1 Ng6 23. f3 Rb8 24. Qg1 Nh4 25. Kb1 Kf8 26. Qe3 Bxg4 27. fxg4 Ng6 28. Qa3 Rc8 29. Ne3 Rxh3 30. Rxd6 Qe7 31. Rd8+ Rxd8 32. Rxd8+ Kg7 33. Nf5+ Kf6 34. Rd6+ 1-0

[Event "Tokyo City-ch"]
[Site "Tokyo"]
[Date "2019.03.23"]
[Round "2"]
[White "Averbukh, Alex"]
[Black "Tanaka, Hiroto"]
[Result "1-0"]
[WhiteElo "2347"]
[BlackElo "1816"]
[PlyCount "65"]
[EventDate "2019.03.23"]
[EventType "swiss"]
[EventRounds "6"]
[EventCountry "JPN"]
[SourceTitle "CBM 190 Extra"]
[Source "ChessBase"]
[SourceDate "2019.07.15"]
[SourceVersion "1"]
[SourceVersionDate "2019.07.15"]
[SourceQuality "1"]

1. e4 b6 2. d4 Bb7 3. Bd3 g6 4. Qe2 Bg7 5. Nf3 d6 6. c3 e6 7. Nbd2 Ne7 8. h4 h6 9. Nf1 Nd7 10. Ng3 d5 11. exd5 Bxd5 12. Be3 Bb7 13. Rd1 a6 14. c4 Kf8 15. Bc2 Kg8 16. 0-0 Nc6 17. h5 g5 18. d5 exd5 19. cxd5 Nce5 20. Nf5 Nxf3+ 21. Qxf3 Bxb2 22. Rfe1 Qf6 23. Qg3 Be5 24. f4 Bd6 25. Qg4 Bc5 26. fxg5 hxg5 27. Bxc5 Nxc5 28. Ne7+ Kf8 29. Ng6+ Kg7 30. Rf1 Qc3 31. Nxh8 Qe3+ 32. Kh1 Kxh8 33. Qf5 1-0

[Event "Tokyo op"]
[Site "Tokyo"]
[Date "2018.10.08"]
[Round "5"]
[White "Averbukh, Alex"]
[Black "Misaka, Susumi"]
[Result "1/2-1/2"]
[WhiteElo "2356"]
[BlackElo "2176"]
[PlyCount "38"]
[EventDate "2018.10.06"]
[EventType "swiss"]
[EventRounds "6"]
[EventCountry "JPN"]
[SourceTitle "CBM 187 Extra"]
[Source "ChessBase"]
[SourceDate "2018.11.04"]
[SourceVersion "1"]
[SourceVersionDate "2018.11.04"]
[SourceQuality "1"]

1. e4 e6 2. d4 d5 3. e5 c5 4. c3 Nc6 5. Nf3 Bd7 6. Be3 Qb6 7. Qd2 cxd4 8. cxd4 Rc8 9. Nc3 Na5 10. Bd3 Nc4 11. Bxc4 Rxc4 12. 0-0 Ne7 13. b3 Rc7 14. Qd3 Nf5 15. Bd2 Bb4 16. Rfc1 0-0 17. a3 Bxc3 18. Rxc3 Bb5 19. Qb1 Be2 1/2-1/2

[Event "Hong Kong Jolimark op"]
[Site "Hong Kong"]
[Date "2016.12.27"]
[Round "3"]
[White "Averbukh, Alex"]
[Black "Wong, Brian"]
[Result "0-1"]
[WhiteElo "2197"]
[BlackElo "2002"]
[PlyCount "86"]
[EventDate "2016.12.26"]
[EventType "swiss"]
[EventRounds "9"]
[EventCountry "HKG"]
[SourceTitle "CBM 176 Extra"]
[Source "ChessBase"]
[SourceDate "2017.03.02"]
[SourceVersion "1"]
[SourceVersionDate "2017.03.02"]
[SourceQuality "1"]

1. e4 c6 2. d4 d5 3. exd5 cxd5 4. c4 Nf6 5. Nc3 Nc6 6. Bg5 Be6 7. Be2 Qa5 8. Qd2 dxc4 9. Bxf6 exf6 10. d5 0-0-0 11. Bxc4 Bb4 12. 0-0-0 Ne5 13. Bb3 Bf5 14. Bc2 Bxc2 15. Qxc2 Bxc3 16. Qxc3+ Qxc3+ 17. bxc3 Rhe8 18. Nh3 Nc4 19. Rd4 b5 20. a4 Na5 21. Kb2 Re2+ 22. Ka3 Nc4+ 23. Kb4 Rb2+ 24. Kc5 Kd7 25. Rdd1 Rc8+ 26. Kd4 Ne5 27. Ke4 Rxc3 28. axb5 Re2+ 29. Kf5 Ng6 30. Kg4 Re4+ 31. f4 h5+ 32. Kxh5 Rxh3+ 33. Kg4 Rh4+ 34. Kg3 Rhxf4 35. h3 Re3+ 36. Kh2 Rf2 37. Ra1 Nf4 38. Rxa7+ Kd6 39. Ra6+ Ke5 40. Kg1 Rxg2+ 41. Kf1 Rf3+ 42. Ke1 Nd3+ 43. Kd1 Rff2 0-1

[Event "Olympiad-41"]
[Site "Tromsoe"]
[Date "2014.08.08"]
[Round "6.4"]
[White "Averbukh, Alex"]
[Black "Johnson, Joshua"]
[Result "1-0"]
[WhiteElo "2183"]
[BlackElo "2069"]
[PlyCount "81"]
[EventDate "2014.08.02"]
[EventType "team-swiss"]
[EventRounds "11"]
[EventCountry "NOR"]
[SourceTitle "CBM 162"]
[Source "ChessBase"]
[SourceDate "2014.09.17"]
[SourceVersion "1"]
[SourceVersionDate "2014.09.17"]
[SourceQuality "1"]
[WhiteTeam "Japan"]
[BlackTeam "Trinidad and Tobago"]
[WhiteTeamCountry "JPN"]
[BlackTeamCountry "TRI"]

1. e4 c5 2. b3 Nc6 3. Bb2 d6 4. f4 e6 5. Nf3 Nf6 6. e5 Nd5 7. g3 dxe5 8. fxe5 g6 9. Bg2 Bg7 10. 0-0 0-0 11. Qe2 b6 12. Na3 Qd7 13. Rad1 Bb7 14. Nc4 Ba6 15. d3 Rad8 16. Qe4 Qc8 17. Ng5 h6 18. Nxf7 Rxf7 19. Rxf7 Kxf7 20. Rf1+ Kg8 21. Qxg6 Rf8 22. Rxf8+ Kxf8 23. Nd6 Qd7 24. Bxd5 Nd8 25. Bf3 Nf7 26. Bc6 Qe7 27. Qxf7+ Qxf7 28. Nxf7 Kxf7 29. Kf2 Kg6 30. Be4+ Kg5 31. Bc1+ Kg4 32. Bf4 Kh3 33. Bg2+ Kg4 34. h3+ Kh5 35. Be4 Bb5 36. Kg2 Bd7 37. g4+ Kh4 38. Bf3 b5 39. Be4 Be8 40. Bg3+ Kg5 41. Kf3 1-0

[Event "Olympiad-41"]
[Site "Tromsoe"]
[Date "2014.08.03"]
[Round "2.4"]
[White "Croes, Octavio"]
[Black "Averbukh, Alex"]
[Result "0-1"]
[WhiteElo "1892"]
[BlackElo "2183"]
[PlyCount "90"]
[EventDate "2014.08.02"]
[EventType "team-swiss"]
[EventRounds "11"]
[EventCountry "NOR"]
[SourceTitle "CBM 162"]
[Source "ChessBase"]
[SourceDate "2014.09.17"]
[SourceVersion "1"]
[SourceVersionDate "2014.09.17"]
[SourceQuality "1"]
[WhiteTeam "Aruba"]
[BlackTeam "Japan"]
[WhiteTeamCountry "ARN"]
[BlackTeamCountry "JPN"]

1. d4 b6 2. c4 Bb7 3. Nf3 e6 4. a3 Nf6 5. Nc3 Be7 6. g3 Ne4 7. Nxe4 Bxe4 8. d5 0-0 9. Bg2 Bf6 10. 0-0 a5 11. Nd4 Bxg2 12. Kxg2 Na6 13. Rb1 a4 14. b3 axb3 15. Nxb3 Qe7 16. f3 Bg5 17. f4 Bf6 18. e4 e5 19. f5 Nc5 20. Nxc5 Qxc5 21. Qd3 Ra4 22. Rb4 Rfa8 23. Be3 Qf8 24. Rfb1 Rxa3 25. R4b3 Be7 26. Bc1 R3a4 27. g4 Bc5 28. Bb2 Qe7 29. Kg3 Kf8 30. h4 Ke8 31. g5 f6 32. Kg4 Kd8 33. Re1 Kc8 34. Rb5 Kb7 35. Re2 Rh8 36. Qb3 Ra6 37. Qd3 h5+ 38. gxh6 gxh6 39. h5 Rg8+ 40. Kh4 Qg7 41. Qf3 Ra4 42. Rc2 Qg1 43. Rb3 Rxc4 44. Rbc3 Qe1+ 45. Kh3 Rxe4 0-1

[Event "Olympiad-40"]
[Site "Istanbul"]
[Date "2012.09.07"]
[Round "10.4"]
[White "Liew, Chee Meng Jimmy"]
[Black "Averbukh, Alex"]
[Result "1-0"]
[WhiteElo "2297"]
[BlackElo "2211"]
[PlyCount "101"]
[EventDate "2012.08.28"]
[EventType "team-swiss"]
[EventRounds "11"]
[EventCountry "TUR"]
[SourceTitle "CBM 151"]
[Source "ChessBase"]
[SourceDate "2012.11.13"]
[SourceVersion "1"]
[SourceVersionDate "2012.11.13"]
[SourceQuality "1"]
[WhiteTeam "Malaysia"]
[BlackTeam "Japan"]
[WhiteTeamCountry "MAS"]
[BlackTeamCountry "JPN"]

1. d4 e6 2. c4 b6 3. Nf3 Bb7 4. Nc3 f5 5. d5 Na6 6. dxe6 dxe6 7. Qa4+ c6 8. Bg5 Be7 9. Rd1 Qc7 10. e3 Bxg5 11. Nxg5 Qe7 12. Nf3 Nc5 13. Qc2 Nf6 14. Be2 0-0 15. 0-0 a5 16. Ne5 Nfd7 17. Nxd7 Nxd7 18. Rd2 Nc5 19. Rfd1 Rad8 20. Bf3 Rxd2 21. Rxd2 e5 22. Qd1 e4 23. Be2 h6 24. a3 Qf6 25. g3 Kh7 26. Rd6 Qe7 27. Rd4 Bc8 28. b4 axb4 29. axb4 Ne6 30. Rd6 Qc7 31. b5 cxb5 32. Nxb5 Qc5 33. Qd5 Ng5 34. Qxc5 bxc5 35. Rc6 Ne6 36. Nc7 Nxc7 37. Rxc7 Be6 38. Rxc5 Rc8 39. Rxc8 Bxc8 40. Kf1 Kg6 41. Ke1 Kf6 42. Kd2 Ke5 43. Kc3 g5 44. Kb4 Kd6 45. c5+ Kc6 46. Bb5+ Kd5 47. Bc4+ Kc6 48. Bf7 Bd7 49. Kc4 Bc8 50. Bd5+ Kd7 51. Kd4 1-0